<?xml version="1.0" encoding="UTF-8"?>
<record
    xmlns:xsi="http://www.w3.org/2001/XMLSchema-instance"
    xsi:schemaLocation="http://www.loc.gov/MARC21/slim http://www.loc.gov/standards/marcxml/schema/MARC21slim.xsd"
    xmlns="http://www.loc.gov/MARC21/slim">

  <leader>01234nam a2200229Ia 4500</leader>
  <controlfield tag="003">Ost</controlfield>
  <controlfield tag="005">20260507075803.0</controlfield>
  <controlfield tag="008">260507s9999||||xx |||||||||||||| ||und||</controlfield>
  <datafield tag="040" ind1=" " ind2=" ">
    <subfield code="c">fsecg</subfield>
  </datafield>
  <datafield tag="041" ind1=" " ind2=" ">
    <subfield code="a">ara</subfield>
  </datafield>
  <datafield tag="082" ind1=" " ind2=" ">
    <subfield code="a">657.46</subfield>
  </datafield>
  <datafield tag="100" ind1=" " ind2=" ">
    <subfield code="a">&#x627;&#x644;&#x635;&#x628;&#x627;&#x646;&#x60C; &#x645;&#x62D;&#x645;&#x62F; &#x633;&#x645;&#x64A;&#x631;</subfield>
    <subfield code="e">&#x645;&#x624;&#x644;&#x641;</subfield>
  </datafield>
  <datafield tag="245" ind1=" " ind2="0">
    <subfield code="a">&#x645;&#x628;&#x627;&#x62F;&#x626; &#x627;&#x644;&#x645;&#x62D;&#x627;&#x633;&#x628;&#x629; &#x627;&#x644;&#x645;&#x627;&#x644;&#x64A;&#x629; &#x643;&#x646;&#x638;&#x627;&#x645; &#x644;&#x644;&#x645;&#x639;&#x644;&#x648;&#x645;&#x627;&#x62A;  /</subfield>
    <subfield code="c"> &#x645;&#x62D;&#x645;&#x62F; &#x633;&#x645;&#x64A;&#x631; &#x627;&#x644;&#x635;&#x628;&#x627;&#x646;</subfield>
  </datafield>
  <datafield tag="260" ind1=" " ind2=" ">
    <subfield code="a">&#x627;&#x644;&#x627;&#x633;&#x643;&#x646;&#x62F;&#x631;&#x64A;&#x629; : </subfield>
    <subfield code="b">&#x645;&#x643;&#x62A;&#x628;&#x629; &#x627;&#x644;&#x648;&#x641;&#x627;&#x621; &#x627;&#x644;&#x642;&#x627;&#x646;&#x648;&#x646;&#x64A;&#x629;, </subfield>
    <subfield code="c">2012</subfield>
  </datafield>
  <datafield tag="300" ind1=" " ind2=" ">
    <subfield code="a">362  &#x635;&#x641;&#x62D;&#x629;&#x61B; </subfield>
    <subfield code="b">&#x625;&#x64A;&#x636;&#x627;&#x62D;&#x627;&#x62A; &#x61B;</subfield>
    <subfield code="c">24 &#x633;&#x645;</subfield>
  </datafield>
  <datafield tag="520" ind1=" " ind2=" ">
    <subfield code="a">&#x64A;&#x636;&#x645; &#x627;&#x644;&#x645;&#x62D;&#x627;&#x633;&#x628;&#x629; &#x643;&#x646;&#x638;&#x627;&#x645; &#x644;&#x644;&#x645;&#x639;&#x644;&#x648;&#x645;&#x627;&#x62A;&#x60C; &#x645;&#x639;&#x627;&#x62F;&#x644;&#x629; &#x627;&#x644;&#x645;&#x62D;&#x627;&#x633;&#x628;&#x629; &#x627;&#x644;&#x631;&#x626;&#x64A;&#x633;&#x64A;&#x629;&#x60C; &#x627;&#x644;&#x62F;&#x648;&#x631;&#x629; &#x627;&#x644;&#x645;&#x62D;&#x627;&#x633;&#x628;&#x64A;&#x629; &#x639;&#x645;&#x644;&#x64A;&#x629; &#x62A;&#x634;&#x63A;&#x64A;&#x644; &#x627;&#x644;&#x646;&#x638;&#x627;&#x645; &#x627;&#x644;&#x645;&#x62D;&#x627;&#x633;&#x628;&#x64A;&#x60C; &#x62A;&#x633;&#x648;&#x64A;&#x629; &#x627;&#x644;&#x62D;&#x633;&#x627;&#x628;&#x627;&#x62A;&#x60C; &#x639;&#x645;&#x644;&#x64A;&#x627;&#x62A; &#x627;&#x644;&#x645;&#x634;&#x631;&#x648;&#x639; &#x627;&#x644;&#x62A;&#x62C;&#x627;&#x631;&#x64A;&#x60C; &#x627;&#x644;&#x62D;&#x633;&#x627;&#x628;&#x627;&#x62A; &#x627;&#x644;&#x62E;&#x62A;&#x627;&#x645;&#x64A;&#x629; &#x641;&#x64A; &#x627;&#x644;&#x645;&#x634;&#x631;&#x648;&#x639; &#x627;&#x644;&#x62A;&#x62C;&#x627;&#x631;&#x64A;&#x60C; &#x627;&#x644;&#x645;&#x639;&#x627;&#x644;&#x62C;&#x629; &#x627;&#x644;&#x645;&#x62D;&#x627;&#x633;&#x628;&#x64A;&#x629; &#x644;&#x644;&#x623;&#x648;&#x631;&#x627;&#x642; &#x627;&#x644;&#x62A;&#x62C;&#x627;&#x631;&#x64A;&#x629;. </subfield>
  </datafield>
  <datafield tag="653" ind1=" " ind2=" ">
    <subfield code="a">&#x627;&#x644;&#x645;&#x627;&#x644;&#x64A;&#x629; &#x627;&#x644;&#x639;&#x627;&#x645;&#x629;- &#x645;&#x62D;&#x627;&#x633;&#x628;&#x629;</subfield>
  </datafield>
  <datafield tag="653" ind1=" " ind2=" ">
    <subfield code="a">&#x627;&#x644;&#x645;&#x62D;&#x627;&#x633;&#x628;&#x629;</subfield>
  </datafield>
  <datafield tag="653" ind1=" " ind2=" ">
    <subfield code="a">&#x627;&#x644;&#x645;&#x62D;&#x627;&#x633;&#x628;&#x629; &#x627;&#x644;&#x62A;&#x62D;&#x644;&#x64A;&#x644;&#x64A;&#x629;</subfield>
  </datafield>
  <datafield tag="700" ind1=" " ind2=" ">
    <subfield code="a">&#x627;&#x644;&#x62F;&#x647;&#x631;&#x627;&#x648;&#x64A;&#x60C; &#x643;&#x645;&#x627;&#x644; &#x627;&#x644;&#x62F;&#x64A;&#x646; &#x645;&#x635;&#x637;&#x641;&#x649; </subfield>
    <subfield code="e">&#x645;&#x624;&#x644;&#x641; &#x62B;&#x627;&#x646;&#x648;&#x64A;</subfield>
  </datafield>
  <datafield tag="942" ind1=" " ind2=" ">
    <subfield code="c">&#x643;&#x62A;&#x627;&#x628;</subfield>
  </datafield>
  <datafield tag="952" ind1=" " ind2=" ">
    <subfield code="0">0</subfield>
    <subfield code="1">0</subfield>
    <subfield code="2">lcc</subfield>
    <subfield code="4">0</subfield>
    <subfield code="7">-1</subfield>
    <subfield code="a">fsecg</subfield>
    <subfield code="b">fsecg</subfield>
    <subfield code="d">2026-05-07</subfield>
    <subfield code="h">&#x627;&#x644;&#x637;&#x627;&#x628;&#x642; &#x627;&#x644;&#x623;&#x631;&#x636;&#x64A;</subfield>
    <subfield code="i">025.21/602</subfield>
    <subfield code="l">0</subfield>
    <subfield code="o">535/025.21&#x646;01</subfield>
    <subfield code="p">025.21/602</subfield>
    <subfield code="r">2026-05-07 07:58:03</subfield>
    <subfield code="w">2026-05-07</subfield>
    <subfield code="y">&#x643;&#x62A;&#x627;&#x628;</subfield>
  </datafield>
  <datafield tag="999" ind1=" " ind2=" ">
    <subfield code="c">46333</subfield>
    <subfield code="d">46333</subfield>
  </datafield>
</record>
